Notas sobre el universo del café /
Guardado en:
| Autor principal: | |
|---|---|
| Formato: | Texto |
| Etiquetas: |
Agregar Etiqueta
Sin Etiquetas, Sea el primero en etiquetar este registro!
|
MARC
| LEADER | 00000 a a2200000 04500 | ||
|---|---|---|---|
| 001 | 112 | ||
| 003 | |||
| 040 | |||
| 100 | |a Paz, Guillermo | ||
| 245 | |a Notas sobre el universo del café / |c Guillermo Paz | ||
| 773 | |g número 1; páginas 163-176 | ||
| 999 | |c 37717 |d 37717 | ||
| 773 | 0 | |0 18806 |9 2174 |a Universidad Nacional de Costa Rica |d Heredia: C.R.: EUNA |o 02256 |t ABRA |x 14093928 | |
